000 01218nam2a22002771 4500
001 RU\NLR\INFOCOMM10\1000280981
005 20250617124523.0
035 _a(NLR Aleph) 002609374
090 _a3516121
_c3516121
100 _a20040913d1968 |||y0rusy50 ca
101 0 _arus
102 _aRU
105 _ay |||||||||
200 1 _aОпыт внедрения типовых сетевых моделей при ремонте станков. [Уралмашзавод]
_fА.А. Мурзаев, В.К. Мыльцев
210 _d1968
_aБ. м.
225 1 _aТема 2
_vВып.19
461 0 _1001RU\NLR\INFOCOMM10\1000264961
_12001#$aПередовой научно-технический и производственный опыт$fГос. Ком. Совета Министров РСФСР по координации науч.-исслед. работ. Гос. Науч.-исслед. ин-т науч. и техн. информации$v1968, №2-68-523
700 1 _aМурзаев
_bА.А.
_4070
701 1 _aМыльцев
_bВ.К.
_4070
801 1 _aRU
_bInfoComm
_c20040913
801 0 _aRU
_bNLR
_gPSBO
852 _aNLR
_jП11/2295
942 _cISSUE
980 _aNB
980 _aRUSPER